000 00562nam a2200229Ia 4500
003 OSt
005 20220918195513.0
006 a|||||r|||| 00| 0
007 ta
008 220917b |||||||| |||| 00| 0 eng d
024 _a85,151
037 _cTextual
040 _aARTS
_cARTS
_beng
041 _2eng
_aeng
082 _aSM95:1, K0
100 _aGrotjahn M
_990449
245 0 _aPsychoanalysis and the family neurosis
260 _c1960
650 _aPSYCHOLOGY
942 _hSM95:1, K0
_cTEXL
_2CC
999 _c208865
_d208865